000 00657nam a2200169 a 4500
008 120416s1952 ||||||||||||||||| || u
020 _a0070072396
050 _aQE 26 Int
100 _aBranson, Edwin Bayer, 1877-1950
245 1 0 _aIntroduction to geology
_c/[by] E. B. Branson [and] W. A. Tarr; revised by Carl C. Branson [and] W. D. Keller.
250 _a3rd ed.
260 _aNew York
_bMcGraw-Hill
_c1952
300 _aix, 492p. : ill
350 _a0.00
650 _aGEOLOGY--STUDY AND TEACHING
995 _D0.00
_FCBU-MAIN LIBRARY (Kitwe)
_H1
_I6.10
_UAVAILABLE
_ZMain Library Open Access Collection
999 _c47774
_d47774